Geometry, fields and cosmology (Record no. 13109)
[ view plain ]
| 000 -LEADER | |
|---|---|
| fixed length control field | 00671nam a2200205Ia 4500 |
| 003 - CONTROL NUMBER IDENTIFIER | |
| control field | IN-BaIIA |
| 008 - FIXED-LENGTH DATA ELEMENTS--GENERAL INFORMATION | |
| fixed length control field | 211028s9999 xx 000 0 eng d |
| 020 ## - INTERNATIONAL STANDARD BOOK NUMBER | |
| International Standard Book Number | 0-7923-4725-0 |
| 040 ## - CATALOGING SOURCE | |
| Transcribing agency | IIA Library |
| 080 ## - UNIVERSAL DECIMAL CLASSIFICATION NUMBER | |
| Universal Decimal Classification number | 524.83 |
| Item number | GEO |
| 245 #0 - TITLE STATEMENT | |
| Title | Geometry, fields and cosmology |
| Remainder of title | techniques and applications |
| Statement of responsibility, etc. | edited by B. R. Iyer and C. V. Vishveshwara |
| 260 ## - PUBLICATION, DISTRIBUTION, ETC. | |
| Place of publication, distribution, etc. | Dordrecht |
| Name of publisher, distributor, etc. | Kluwer Academic |
| Date of publication, distribution, etc. | 1997 |
| 300 ## - PHYSICAL DESCRIPTION | |
| Extent | xv, 553p. |
| 490 ## - SERIES STATEMENT | |
| Series statement | Fundamental theories of physics; v. 88 |
| 650 ## - SUBJECT ADDED ENTRY--TOPICAL TERM | |
| Topical term or geographic name entry element | Cosmology |
| 650 ## - SUBJECT ADDED ENTRY--TOPICAL TERM | |
| Topical term or geographic name entry element | Geometry |
| 9 (RLIN) | 1677 |
| 700 ## - ADDED ENTRY--PERSONAL NAME | |
| Personal name | Iyer, B. R., ed. |
| 700 ## - ADDED ENTRY--PERSONAL NAME | |
| Personal name | Vishveshwara, C. V., ed. |
| 9 (RLIN) | 11619 |
| 942 ## - ADDED ENTRY ELEMENTS (KOHA) | |
| Koha item type | Books |
| Withdrawn status | Lost status | Damaged status | Not for loan | Home library | Current library | Shelving location | Date acquired | Source of acquisition | Cost, normal purchase price | Total Checkouts | Full call number | Barcode | Date last seen | Cost, replacement price | Price effective from | Koha item type | Purchase Price |
|---|---|---|---|---|---|---|---|---|---|---|---|---|---|---|---|---|---|
| IIA Library-Bangalore | IIA Library-Bangalore | General Stacks | 04/08/1999 | ALL | 9748.20 | 524.83/ GEO | 14026 | 05/11/2021 | 9748.20 | 04/08/1999 | Books | Rs. 9748.20 |